| Tag |
First Indicator |
Second Indicator |
Subfields |
| LEADER |
00000cam a2200000 4500 |
| 001 |
in00000067033 |
| 005 |
20151008051304.0 |
| 008 |
720509c19621961lau b 00000 eng u |
| 010 |
|
|
|a 61018381
|
| 035 |
|
|
|a (OCoLC)00304554
|
| 035 |
|
|
|9 AAG6988AM
|
| 040 |
|
|
|c DAY
|d TXA
|d UtOrBLW
|
| 049 |
|
|
|a TXAM
|c [362022]
|
| 050 |
|
0 |
|a F379.N5
|b S7
|
| 092 |
|
|
|a 329.5
|b S722k
|
| 100 |
1 |
|
|a Soule, Leon Cyprian.
|
| 245 |
1 |
4 |
|a The Know Nothing Party in New Orleans: a reappraisal.
|
| 264 |
|
1 |
|a [Baton Rouge] :
|b Louisiana Historical Association,
|c [1962]
|
| 264 |
|
4 |
|c [©1961]
|
| 300 |
|
|
|a 128 pages :
|b illustrations ;
|c 23 cm.
|
| 336 |
|
|
|a text
|b txt
|2 rdacontent
|
| 337 |
|
|
|a unmediated
|b n
|2 rdamedia
|
| 338 |
|
|
|a volume
|b nc
|2 rdacarrier
|
| 504 |
|
|
|a Includes bibliography.
|
| 610 |
2 |
0 |
|a American Party.
|b New Orleans.
|
| 651 |
|
0 |
|a New Orleans (La.)
|x Politics and government.
|
| 999 |
|
|
|a MARS
|
| 999 |
f |
f |
|s 4c389bbb-82a1-3812-a85a-115dbf40eadc
|i a5e1c750-3c59-3624-a0c7-ab65bbb666c9
|t 0
|
| 952 |
f |
f |
|p ric
|a Texas A&M University
|b Rellis Campus
|c Joint Library Facility
|d Remote Storage
|t 0
|e F379.N5 S7
|h Library of Congress classification
|i unmediated -- volume
|m A14800684005
|
| 998 |
f |
f |
|a F379.N5 S7
|t 0
|l Remote Storage
|